Statistics for South Park Council of Nine

Click here to take the quiz!

General Stats

  • This quiz has been taken 9 times
  • The average score is 3 of 9

Answer Stats

Answer% Correct
Jesus
83%
Wonder Woman
67%
Aslan
50%
Gandalf
50%
Luke Skywalker
33%
Morpheus
17%
Glinda the Good Witch
0%
Popeye
0%
Zeus
0%

Score Distribution

Percentile by Number Answered

Percent of People with Each Score

Your Score History

You have not taken this quiz